| Tag |
First Indicator |
Second Indicator |
Subfields |
| LEADER |
00000cam a22000001 4500 |
| 001 |
in00000085042 |
| 005 |
20151008054448.0 |
| 008 |
740520s1967 nyu 00010aeng |
| 010 |
|
|
|a 67012921
|
| 019 |
|
|
|a 577633
|
| 035 |
|
|
|a (OCoLC)00330741
|
| 035 |
|
|
|9 AAJ0735AM
|
| 040 |
|
|
|a DLC
|c DLC
|d m.c.
|d TXA
|d UtOrBLW
|
| 049 |
|
|
|a TXAM
|c [906525]
|
| 050 |
0 |
0 |
|a PN2287.M53
|b A4
|
| 082 |
0 |
|
|a 816/.5/2
|
| 100 |
1 |
|
|a Marx, Groucho,
|d 1890-1977.
|
| 245 |
1 |
4 |
|a The Groucho letters ;
|b letters from and to Groucho Marx.
|
| 264 |
|
1 |
|a New York :
|b Simon and Schuster,
|c [1967]
|
| 300 |
|
|
|a 319 pages ;
|c 22 cm.
|
| 336 |
|
|
|a text
|b txt
|2 rdacontent
|
| 337 |
|
|
|a unmediated
|b n
|2 rdamedia
|
| 338 |
|
|
|a volume
|b nc
|2 rdacarrier
|
| 600 |
1 |
0 |
|a Marx, Groucho,
|d 1890-1977.
|
| 999 |
|
|
|a MARS
|
| 999 |
f |
f |
|s 46306afa-13f8-3082-b3f6-339bb27f17b4
|i a3393455-e9f6-355b-919b-1257f13d0ade
|t 0
|
| 952 |
f |
f |
|p ric
|a Texas A&M University
|b Rellis Campus
|c Joint Library Facility
|d Remote Storage
|t 0
|e PN2287.M53 A4
|h Library of Congress classification
|i unmediated -- volume
|m A14803705208
|
| 998 |
f |
f |
|a PN2287.M53 A4
|t 0
|l Remote Storage
|